00877nam a2200229 i 4500003000900000005001700009007000300026008004100029040003000070082001400100100000300114110005400117245009700171264005400268300002700322336002700349337003300376338002800409700000300437740009900440740010800539DO-SdBNP20240307084806.0ta240307s2007 dr a 000 0 spa d aDO-SdBNPbspacBNPHUerda 4222bR426e  aRepública Dominicana. bJunta Central Electoral aElecciones ordinarias generales presidenciales del 16 de mayo del 2008 :bglosario electoral 1aSanto Domingo :bJunta Central Electoral, c2007. a23 páginas :c22 cm. 2rdacontentatextobtxt 2rdamediaasin mediaciónbn 2rdacarrieravolumenbnc 0 aThe great change : the social and economic transformation of the Dominican Republic, 1963-20130 aLe grand changement : la transformation sociale et économique de la Republique Dominicaine, 1963-2013